| 000 | 00386cam a2200157ua 4500 | ||
|---|---|---|---|
| 041 |
_aeng _h |
||
| 082 |
_a516.05 _bCAR/PL |
||
| 100 | _aCarslaw, H S . | ||
| 245 |
_aPlan Trigenometry / _cH S Carslaw. _hTextual Documents |
||
| 250 |
_a3 / _b. |
||
| 260 |
_aLondon : _bMacMillan and Company Limited , _c1958. |
||
| 300 | _a315 ; . | ||
| 504 | _a | ||
| 942 | _cBK | ||
| 999 |
_c3196 _d3196 |
||